000 00262nam a22001217a 4500
999 _c172363
_d172363
082 _a
_b
100 _aShridath Ramphal
245 _aOne world to share/
_cby Shridath Ramphal/
260 _a
_bOxford,
_c1980.
300 _a443p.
650 _a
942 _cBK